| 000 | 00787cam a22002292 4500 | ||
|---|---|---|---|
| 001 | 0000012759 | ||
| 005 | 20151217152113.0 | ||
| 008 | 090319s xx 000 0 eng d | ||
| 020 | _a0324270577 : | ||
| 040 |
_aKABU _cKABU |
||
| 050 | 0 |
_aKF889 _b.M55 2005 |
|
| 100 | 1 |
_aMiller, Roger LeRoy. _@0000097545 |
|
| 245 | 1 | 4 |
_aThe Legal and e-commerce environment today : _bbusiness in its ethical, regulatory and international setting / _cRoger LeRoy Miller, Frank B. Cross. |
| 250 | _a4th ed. | ||
| 260 |
_aMason, Ohio : _bThomson learning, _c2005. |
||
| 300 | _axxxvi, 778, [117] p. | ||
| 650 | 0 |
_aBusiness law _zUnited States. _@0000153361 |
|
| 700 | 1 |
_aCross, Frank B. _@0000153363 |
|
| 852 | 1 | _9p500 KES | |
| 908 | _a090319 | ||
| 950 | _@1 | ||
| 999 |
_c8302 _d8302 |
||